临近地级行政区挑战#1 Neighbouring prefecture-level divisions #1 - Statistics

General Stats
  • This quiz has been taken 298 times
  • The average score is 8 of 15
Answer Stats
出发地市 方向 到达地市 % Correct
泰州市 盐城市
91%
锦州市 阜新市
66%
信阳市 西 随州市
64%
大理白族自治州 楚雄彝族自治州
64%
武汉市 咸宁市
64%
湖州市 西 宣城市
62%
喀什地区 克孜勒苏柯尔克孜自治州
56%
韶关市 西 清远市
54%
阿坝藏族羌族自治州 甘南藏族自治州
52%
铁岭市 辽源市
51%
运城市 三门峡市
50%
百色市 西 文山壮族苗族自治州
47%
日照市 潍坊市
44%
酒泉市 海西蒙古族藏族自治州
39%
上饶市 南平市
35%
No matching quizzes found
Score Distribution
Percent of People with Each Score
Percentile by Number Answered
Your Score History
You have not taken this quiz